famous athletes - Statistics

General Stats
  • This quiz has been taken 506 times
  • The average score is 4 of 5
Answer Stats
Picture Answer % Correct
usain bolt
97%
messi
94%
ronaldo
94%
lebron james
75%
jesse owens
72%
No matching quizzes found
Score Distribution
Percent of People with Each Score
Percentile by Number Answered
Your Score History
You have not taken this quiz